| 000 | 00766nam a2200205 a 4500 | ||
|---|---|---|---|
| 999 |
_c3790 _d3790 |
||
| 001 | 3790 | ||
| 003 | BD-JhCC | ||
| 005 | 20171119101555.0 | ||
| 008 | 171116s1980 bg |||| |||| 000 0 ben d | ||
| 035 | _a(BD-JhCC) | ||
| 040 |
_aBD-JhCC _dBD-JhCC |
||
| 041 | _aben | ||
| 082 |
_a891.442 _bSHA 1980 |
||
| 100 | _aশেকসপীয়ার, উইলিয়াম | ||
| 245 |
_aটেমিং অব দ্য শ্রু / _cউইলিয়াম শেকসপীয়ার; পৃথ্বিরাজ সেন (রূপান্তরিত ও সম্পাদিত) |
||
| 260 |
_aখুলনা : _bনওরোজ সাহিত্য সংসদ, _c১৯৮০ |
||
| 300 |
_a65 p.; _c22 cm. |
||
| 650 | _aBengali drama | ||
| 942 |
_2ddc _cBK |
||